MANAGEMENT (Registro nro. 45633)
[ vista simple ]
| 000 -LEADER | |
|---|---|
| fixed length control field | 01033nam a2200205 a 4500 |
| 001 - CONTROL NUMBER | |
| control field | 45633 |
| 005 - DATE AND TIME OF LATEST TRANSACTION | |
| control field | 20180714024911.0 |
| 008 - FIXED-LENGTH DATA ELEMENTS--GENERAL INFORMATION | |
| fixed length control field | 140415s1994 000 0 eng d |
| 020 ## - INTERNATIONAL STANDARD BOOK NUMBER | |
| International Standard Book Number | 0130858048 |
| 041 ## - LANGUAGE CODE | |
| Language code of text/sound track or separate title | eng |
| 082 ## - DEWEY DECIMAL CLASSIFICATION NUMBER | |
| Classification number | 658 |
| Item number | AUS |
| 100 1# - MAIN ENTRY--PERSONAL NAME | |
| Personal name | AUSTIN, JILL |
| 245 10 - TITLE STATEMENT | |
| Title | MANAGEMENT |
| 250 ## - EDITION STATEMENT | |
| Edition statement | 4ed. |
| 260 ## - PUBLICATION, DISTRIBUTION, ETC. | |
| Place of publication, distribution, etc. | [s.l.] : |
| Name of publisher, distributor, etc. | PRENTICE-HALL, INC., |
| Date of publication, distribution, etc. | 1994 |
| 300 ## - PHYSICAL DESCRIPTION | |
| Extent | 584 |
| Dimensions | 28 x 21 x 1.8 |
| 520 ## - SUMMARY, ETC. | |
| Summary, etc. | ESTA GUÍA DE STUDIOS PARA ESTUDIANTES FUE DISEÑADA PARA SUPLEMENTAR MANAGEMENT EN SU CUARTA EDICIÓN DE STEPHEN ROBBINS. EL PROPÓSITO DE ESTA GUÍA DE ESTUDIIO ES AYUDAR EN EL ENTENEDIMIENTO DEL MATERIAL DE TEXTO. CADA CAPÍTULO DE STUDENT STUDY GUIDE CONTIENE UN RESUMEN Y LOS OBJETIVOS DE APRENDIZAJE CORRESPONDIENTES, UN BOSQUEJO, TÉRMINOS Y DEFINICIONES CLAVES, Y ADEMÁS TRES TIPOS DE PREFUNATAS SON INCLUIDAS PARA AYUDARTE A ENTENDER LOS CONCEPTOS BÁSICOS DE ADMINISTRACIÓN MÁS DIFÍCILES |
| 650 14 - SUBJECT ADDED ENTRY--TOPICAL TERM | |
| Topical term or geographic name entry element | ADMINISTRACION |
| General subdivision | PLANEACION ADMINISTRATIVA |
| 700 1# - ADDED ENTRY--PERSONAL NAME | |
| Personal name | ROBBINS, STEPHEN P. |
| Relator term | coaut. |
| Withdrawn status | Lost status | Source of classification or shelving scheme | Damaged status | Not for loan | Collection code | Home library | Current library | Shelving location | Date acquired | Source of acquisition | Inventory number | Total Checkouts | Full call number | Barcode | Date last seen | Date last checked out | Price effective from | Koha item type |
|---|---|---|---|---|---|---|---|---|---|---|---|---|---|---|---|---|---|---|
| Dewey Decimal Classification | General | Biblioteca Karol Wojtyla | Biblioteca Karol Wojtyla | Sala general | 03/12/2013 | Compra | 151000000000000000020686 | 1 | 658 AUS | 68529 | 19/01/2026 | 04/03/2025 | 03/12/2013 | Libro |